| 000 | 00567nam a22002057a 4500 | ||
|---|---|---|---|
| 003 | OSt | ||
| 005 | 20140310181910.0 | ||
| 008 | 130712t xxu||||| |||| 00| 0 eng d | ||
| 020 | _a8170002036 | ||
| 050 |
_aZ 678.9 _b.M214 1997 |
||
| 082 |
_aTR 025.1 _bM27 1997 |
||
| 245 |
_aRedesigning the library / _cPiyush Kanti Mahapatra |
||
| 260 |
_aNew Delhi : _bEss Ess Publications, _cc1997. |
||
| 300 |
_a289 p. : _c21 cm. |
||
| 500 | _aIncludes index. | ||
| 520 | _a1. Libraries--Administration. | ||
| 541 | _j1 | ||
| 562 | _e1 | ||
| 942 |
_2lcc _cBK-TR _kTR |
||
| 999 |
_c6494 _d6494 |
||